MODERN METAL WORKING, 9/e (Record no. 295178)

000 -LEADER
fixed length control field 00355 a2200145 4500
001 - CONTROL NUMBER
control field 60105
082 ## - DEWEY DECIMAL CLASSIFICATION NUMBER
Classification number 671 WAL
090 ## - LOCALLY ASSIGNED LC-TYPE CALL NUMBER (OCLC); LOCAL CALL NUMBER (RLIN)
-- 36891
-- 36891
100 ## - MAIN ENTRY--PERSONAL NAME
Personal name Walker, John R.
245 ## - TITLE STATEMENT
Title MODERN METAL WORKING, 9/e
Statement of responsibility, etc. John R. Walker
250 ## - EDITION STATEMENT
Edition statement 9
260 ## - PUBLICATION, DISTRIBUTION, ETC.
Place of publication, distribution, etc. USA
Name of publisher, distributor, etc. G-W PUBLISHER
Date of publication, distribution, etc. 2004
300 ## - PHYSICAL DESCRIPTION
Extent 672 p.
Other physical details origional book
500 ## - GENERAL NOTE
General note BE textbook IE dept
942 ## - ADDED ENTRY ELEMENTS (KOHA)
Institution code [OBSOLETE] NUST-CAE
Call number prefix 671 WAL
Holdings
Withdrawn status Lost status Damaged status Not for loan Collection code Permanent Location Current Location Date acquired Total Checkouts Full call number Barcode Date last seen Price effective from Koha item type
          College of Aeronautical Engineering (CAE) College of Aeronautical Engineering (CAE) 04/03/2017   671 WAL CAE81593 04/05/2017 04/05/2017 Book
© 2023 Central Library, National University of Sciences and Technology. All Rights Reserved.